[Event "HET"]
[Site "Hamburg"]
[Date "2006.08.26"]
[Round "4.11"]
[White "Zehner, Birte"]
[Black "Keuchen, Michael"]
[Result "0-1"]
[WhiteElo "1486"]
[BlackElo "1993"]
[PlyCount "102"]
[EventDate "2006.??.??"]
[EventType "swiss"]
[EventRounds "7"]
[EventCountry "GER"]

1. e4 e5 2. Nf3 Qe7 3. Bc4 d6 4. Nc3 c6 5. d4 Bg4 6. dxe5 dxe5 7. Be3 Nf6 8.
Qe2 b5 9. Bb3 Nbd7 10. h3 Bh5 11. Qd3 Bxf3 12. gxf3 Nc5 13. Bxc5 Qxc5 14. Rg1
g6 15. Rd1 Be7 16. Qe3 Qxe3+ 17. fxe3 Bb4 18. Rg5 Bxc3+ 19. bxc3 Nd7 20. Bxf7+
Ke7 21. Bb3 a5 22. a3 Rhf8 23. Ke2 Rf6 24. Rgg1 Raf8 25. Rgf1 g5 26. Rd2 Nc5
27. Rdd1 h5 28. Rde1 a4 29. Ba2 g4 30. hxg4 hxg4 31. fxg4 Rxf1 32. Rxf1 Rxf1
33. Kxf1 Nxe4 34. Bg8 Nxc3 35. g5 Ne4 36. g6 Nd6 37. g7 Kf6 38. Bd5 Kxg7 39.
Bxc6 b4 40. Bxa4 bxa3 41. Bb3 Ne4 42. Ke1 Nc3 43. Kd2 a2 44. Bxa2 Nxa2 45. c4
Kf6 46. Kd3 Nb4+ 47. Kc3 Nc6 48. c5 e4 49. Kc4 Ke5 50. Kb5 Kd5 51. Kb6 Na7 0-1

[Event "HET"]
[Site "Hamburg"]
[Date "2006.08.26"]
[Round "4.13"]
[White "Raedisch, Peter"]
[Black "Cupina, Ibrahim"]
[Result "1-0"]
[WhiteElo "1920"]
[BlackElo "1646"]
[PlyCount "78"]
[EventDate "2006.??.??"]
[EventType "swiss"]
[EventRounds "7"]
[EventCountry "GER"]

1. e4 c5 2. Bc4 e6 3. Nf3 Nf6 4. d3 d5 5. exd5 exd5 6. Bb5+ Nc6 7. O-O Bd7 8.
Re1+ Be7 9. Bxc6 bxc6 10. Bg5 O-O 11. c3 h6 12. Bh4 Bg4 13. Nbd2 g5 14. Bg3 Bd6
15. Qa4 Bxg3 16. fxg3 Qb6 17. b3 Bf5 18. d4 Ne4 19. Nxe4 Bxe4 20. Ne5 cxd4 21.
Nd7 Qd8 22. Nxf8 dxc3 23. Qxc6 c2 24. Qxh6 Qxf8 25. Qxg5+ Qg7 26. Qxg7+ Kxg7
27. Kf2 f5 28. Ke2 Kf6 29. Rac1 Ke5 30. Kd2 Rc8 31. h4 Re8 32. h5 Rc8 33. h6 d4
34. Rh1 Rh8 35. Ke2 Bxg2 36. Rh5 Be4 37. g4 Kf6 38. gxf5 Bxf5 39. Kf2 Bh7 1-0

[Event "HET"]
[Site "Hamburg"]
[Date "2006.08.26"]
[Round "4.14"]
[White "Schroeder, Kai Uwe"]
[Black "Opasiak, Dustin Tennessee"]
[Result "1/2-1/2"]
[WhiteElo "1795"]
[BlackElo "1669"]
[PlyCount "41"]
[EventDate "2006.??.??"]
[EventType "swiss"]
[EventRounds "7"]
[EventCountry "GER"]

1. e4 e6 2. d4 d5 3. Nd2 Nf6 4. e5 Nfd7 5. f4 c5 6. Ndf3 Nc6 7. Ne2 Be7 8. g3
h5 9. h4 cxd4 10. Nexd4 Bc5 11. c3 Ne7 12. Bd3 a6 13. Be3 Ba7 14. Rc1 Nc5 15.
Bb1 b5 16. Qe2 Bd7 17. Nb3 Rc8 18. Nxc5 Bxc5 19. Bxc5 Rxc5 20. Kf2 Qc7 21. Qd2
1/2-1/2

[Event "HET"]
[Site "Hamburg"]
[Date "2006.08.26"]
[Round "4.15"]
[White "Meyer, Michael M"]
[Black "Urban, Ralf-Dieter"]
[Result "0-1"]
[WhiteElo "1541"]
[BlackElo "1962"]
[PlyCount "46"]
[EventDate "2006.??.??"]
[EventType "swiss"]
[EventRounds "7"]
[EventCountry "GER"]

1. e4 e5 2. Nf3 d5 3. exd5 e4 4. Qe2 Nf6 5. Nc3 Be7 6. Nxe4 O-O 7. d3 Qxd5 8.
Nc3 Bb4 9. Be3 Bg4 10. a3 Qa5 11. Rb1 Bxc3+ 12. bxc3 Nc6 13. Qd2 Rad8 14. c4
Qxa3 15. Qc1 Qa5+ 16. Nd2 Rfe8 17. Rb5 Qa4 18. Nb3 Ne5 19. h3 Bh5 20. Be2 Bxe2
21. Kxe2 Nxc4 22. Rxb7 Nxe3 23. fxe3 Qc6 0-1

[Event "HET"]
[Site "Hamburg"]
[Date "2006.08.26"]
[Round "4.16"]
[White "Diehl, Walter"]
[Black "Oehlke, Jan-Philipp"]
[Result "1/2-1/2"]
[WhiteElo "1818"]
[BlackElo "1611"]
[PlyCount "66"]
[EventDate "2006.??.??"]
[EventType "swiss"]
[EventRounds "7"]
[EventCountry "GER"]

1. e4 d6 2. d4 Nf6 3. Nc3 g6 4. Be3 Bg7 5. f3 c6 6. Qd2 O-O 7. O-O-O b5 8. g4
a5 9. h4 h5 10. Bh6 b4 11. Na4 hxg4 12. Bxg7 Kxg7 13. Bg2 Rh8 14. Ne2 gxf3 15.
Bxf3 Bg4 16. Bxg4 Nxg4 17. Rdf1 e5 18. Qe1 Nd7 19. Qg3 Ndf6 20. dxe5 dxe5 21.
Qf3 Ra7 22. Rfg1 Qc8 23. Nc5 a4 24. Ng3 Ra5 25. Nd3 Rb5 {(=)} 26. Nf2 Nxf2 27.
Qxf2 Qe6 28. Kb1 Nh5 29. Nxh5+ Rxh5 30. Qf3 Kf8 31. Rh2 Ke7 32. Qe3 c5 33. Rf2
b3 1/2-1/2

[Event "HET"]
[Site "Hamburg"]
[Date "2006.08.26"]
[Round "4.17"]
[White "Frackowiak, Stanislaw"]
[Black "Schmuck, Martin"]
[Result "0-1"]
[WhiteElo "1410"]
[BlackElo "1773"]
[PlyCount "64"]
[EventDate "2006.??.??"]
[EventType "swiss"]
[EventRounds "7"]
[EventCountry "GER"]

1. d4 Nf6 2. c4 g6 3. Nc3 Bg7 4. e4 d6 5. Be2 O-O 6. Bg5 Nbd7 7. Nf3 e5 8. d5
h6 9. Be3 Ng4 10. Bd2 f5 11. h3 Ngf6 12. Qc2 Nc5 13. Bd3 Re8 14. O-O-O Nxd3+
15. Qxd3 fxe4 16. Nxe4 Nxe4 17. Qxe4 Bf5 18. Qe3 g5 19. g4 Bh7 20. Bc3 Qf6 21.
Rh2 Rf8 22. Nd2 Qf4 23. Qxf4 Rxf4 24. f3 Raf8 25. h4 Bf6 26. h5 e4 27. Nxe4
Bxe4 28. fxe4 Rxe4 29. Rf2 Bxc3 30. Rxf8+ Kxf8 31. Rf1+ Kg7 32. bxc3 Rxg4 0-1

[Event "HET"]
[Site "Hamburg"]
[Date "2006.08.26"]
[Round "4.18"]
[White "Meister, Bernd Holger"]
[Black "Schwirz, Horst"]
[Result "1/2-1/2"]
[WhiteElo "1926"]
[BlackElo "1529"]
[PlyCount "56"]
[EventDate "2006.??.??"]
[EventType "swiss"]
[EventRounds "7"]
[EventCountry "GER"]

1. c4 e5 2. Nf3 Nc6 3. Nc3 Bb4 4. Qb3 a5 5. a3 Bxc3 6. Qxc3 d6 7. d3 Nge7 8. g3
O-O 9. Bg2 Bg4 10. O-O Qd7 11. Be3 Bh3 12. b4 Bxg2 13. Kxg2 axb4 14. axb4 Nf5
15. b5 Nxe3+ 16. fxe3 Ne7 17. e4 f5 18. exf5 Nxf5 19. Qd2 h6 20. e4 Ne7 21. Qe3
b6 22. d4 exd4 23. Qxd4 Ra5 24. Rxa5 bxa5 25. e5 c5 26. Qxd6 Qxd6 27. exd6 Nf5
28. Ra1 Ne3+ 1/2-1/2

[Event "HET"]
[Site "Hamburg"]
[Date "2006.08.26"]
[Round "4.19"]
[White "Blank, Yevgen"]
[Black "Biermann, Helge"]
[Result "1/2-1/2"]
[WhiteElo "1428"]
[BlackElo "1808"]
[PlyCount "51"]
[EventDate "2006.??.??"]
[EventType "swiss"]
[EventRounds "7"]
[EventCountry "GER"]

1. e4 e5 2. Nf3 Nf6 3. Nxe5 d6 4. Nf3 Nxe4 5. d4 d5 6. Bd3 Bd6 7. O-O O-O 8.
Nbd2 f5 9. Ne5 c5 10. c3 g5 11. Qh5 Qf6 12. Nxe4 fxe4 13. Bxg5 Qe6 14. Be2 Bxe5
15. dxe5 Qxe5 16. f4 Qc7 17. Bh6 Rd8 18. Qg5+ Kh8 19. Bg7+ Qxg7 20. Qxd8+ Qg8
21. Qxg8+ Kxg8 22. Rad1 Be6 23. f5 Bf7 24. c4 e3 25. Rfe1 d4 26. b4 {(=)}
1/2-1/2

[Event "HET"]
[Site "Hamburg"]
[Date "2006.08.26"]
[Round "4.20"]
[White "Grube, Bernd"]
[Black "Christiansen, Peter"]
[Result "0-1"]
[WhiteElo "1354"]
[BlackElo "1773"]
[PlyCount "53"]
[EventDate "2006.??.??"]
[EventType "swiss"]
[EventRounds "7"]
[EventCountry "GER"]

1. d4 d5 2. c4 c6 3. Nc3 e6 4. Nf3 Nf6 5. Bg5 dxc4 6. e3 b5 7. a3 Be7 8. Be2
Bb7 9. O-O O-O 10. Qc2 Nbd7 11. Rad1 h6 12. Bh4 Nd5 13. Bxe7 Qxe7 14. b4 a5 15.
Nxd5 cxd5 16. Rb1 axb4 17. axb4 Ra4 18. Qc3 Rfa8 19. Rb2 Nf6 20. Rfb1 Bc6 21.
Ne5 Be8 22. f3 Ra3 23. Qc1 Nh7 24. e4 f6 25. Ng4 Bg6 26. Qf4 Qa7 27. Qd6 0-1

[Event "HET"]
[Site "Hamburg"]
[Date "2006.08.26"]
[Round "4.21"]
[White "Kaden, Ingmar"]
[Black "Kock, Rudolf"]
[Result "1-0"]
[WhiteElo "1663"]
[BlackElo "1417"]
[PlyCount "113"]
[EventDate "2006.??.??"]
[EventType "swiss"]
[EventRounds "7"]
[EventCountry "GER"]

1. e4 c5 2. Nf3 d6 3. d4 cxd4 4. Nxd4 Nf6 5. Nc3 a6 6. Bd3 e5 7. Nf3 h6 8. O-O
Be6 9. Re1 Be7 10. Ne2 Nh7 11. Ng3 Nc6 12. c4 Ng5 13. b3 Nxf3+ 14. Qxf3 Nd4 15.
Qd1 Bh4 16. Bb2 Qb6 17. Kf1 g6 18. Bxd4 Qxd4 19. Bc2 Qb6 20. Qe2 h5 21. Rad1
Bg4 22. f3 Bxg3 23. hxg3 O-O-O 24. fxg4 hxg4 25. Qe3 Rh1+ 26. Ke2 Rxe1+ 27.
Rxe1 Qb4 28. Qd2 Qb6 29. Kd1 Kb8 30. Kc1 Kc7 31. Qe3 Qxe3+ 32. Rxe3 Rh8 33. Kb2
Rh5 34. Re2 Kd7 35. Rf2 Ke6 36. Kc3 b6 37. Kd2 Rh1 38. Ke3 Re1+ 39. Re2 Rh1 40.
Kf2 f6 41. Re1 Rxe1 42. Kxe1 f5 43. Kf2 a5 44. Ke3 Kf6 45. Bd3 Ke6 46. Kd2 f4
47. Be2 fxg3 48. Bxg4+ Kf6 49. Ke3 Kg5 50. Kf3 Kh4 51. Bd7 Kh5 52. Kxg3 Kg5 53.
Bg4 Kh6 54. Kh4 g5+ 55. Kg3 Kg6 56. Bd7 Kh5 57. Be8+ 1-0

[Event "HET"]
[Site "Hamburg"]
[Date "2006.08.26"]
[Round "4.22"]
[White "Farzamfahr, Bahram"]
[Black "Gloe, Helmut"]
[Result "1-0"]
[WhiteElo "1658"]
[BlackElo "1233"]
[PlyCount "73"]
[EventDate "2006.??.??"]
[EventType "swiss"]
[EventRounds "7"]
[EventCountry "GER"]

1. e4 c5 2. Nf3 Nc6 3. d4 cxd4 4. Nxd4 e6 5. Nc3 a6 6. Be3 Nf6 7. Be2 Bb4 8. f3
O-O 9. O-O Bc5 10. Kh1 Ba7 11. Qd2 Bb8 12. f4 Qc7 13. e5 Nd5 14. Nxd5 exd5 15.
Nf5 Qa5 16. c3 d6 17. Nxd6 Bxd6 18. exd6 Be6 19. b4 Qd8 20. f5 Bc8 21. Qxd5 Re8
22. Qd3 f6 23. Rad1 Bd7 24. Bh5 Re5 25. g4 Qf8 26. Bf4 Rb5 27. a4 Rb6 28. Be3
Ne5 29. Qe2 Bxa4 30. Bxb6 Bc6+ 31. Kg1 Re8 32. Bxe8 Qxe8 33. Qa2+ Kh8 34. Qe6
Qf8 35. Qe7 Qg8 36. d7 Nf3+ 37. Rxf3 1-0

[Event "HET"]
[Site "Hamburg"]
[Date "2006.08.26"]
[Round "4.24"]
[White "Kolster, Jascha"]
[Black "Kohlstädt, Jürgen"]
[Result "0-1"]
[WhiteElo "1199"]
[BlackElo "1568"]
[PlyCount "44"]
[EventDate "2006.??.??"]
[EventType "swiss"]
[EventRounds "7"]
[EventCountry "GER"]

1. e4 g6 2. d4 Bg7 3. Nf3 d6 4. Bc4 Nf6 5. Nc3 Nxe4 6. Nxe4 d5 7. Nf6+ Bxf6 8.
Bb3 O-O 9. Bh6 Bg7 10. Qd2 Nc6 11. O-O-O Bg4 12. h4 e6 13. h5 Bxf3 14. hxg6
Bxd1 15. gxh7+ Kh8 16. Bxg7+ Kxg7 17. Qh6+ Kh8 18. Kxd1 Nxd4 19. Qe3 c5 20. Rh3
Qf6 21. Rh6 Qg7 22. g4 Qxg4+ 0-1

[Event "HET"]
[Site "Hamburg"]
[Date "2006.08.27"]
[Round "5.3"]
[White "Dumjahn, Carsten"]
[Black "Weiss, Siegfried"]
[Result "1-0"]
[WhiteElo "1983"]
[BlackElo "2126"]
[PlyCount "97"]
[EventDate "2006.??.??"]
[EventType "swiss"]
[EventRounds "7"]
[EventCountry "GER"]

1. e4 e6 2. d4 d5 3. e5 Qd7 4. a4 Ne7 5. c3 a5 6. Nf3 b6 7. b4 Bb7 8. Nbd2 Nbc6
9. Bb5 axb4 10. cxb4 Nc8 11. Ba3 N8a7 12. Bxc6 Nxc6 13. b5 Na5 14. Bxf8 Rxf8
15. O-O f5 16. exf6 gxf6 17. Qc2 Rf7 18. Ra3 Qd6 19. Re3 Kf8 20. Rfe1 Re8 21.
Nh4 Ree7 22. g3 Bc8 23. f4 c5 24. dxc5 bxc5 25. Nb3 Nxb3 26. Qxb3 c4 27. Qa3
Qb6 28. a5 Qxb5 29. Nf5 d4 30. Nxd4 Qd5 31. Nxe6+ Kg8 32. Qc5 Bb7 33. Qxd5 Bxd5
34. Nd4 Ra7 35. Nf5 Rfd7 36. Re7 Kf8 37. Rxd7 Rxd7 38. Ne3 Bf7 39. Ra1 Ra7 40.
Kf2 Ke7 41. Ke2 Kd6 42. Kd2 Kc5 43. a6 Rd7+ 44. Kc3 Re7 45. Ng4 Rd7 46. a7 Rd3+
47. Kc2 Bg6 48. f5 Bxf5 49. Ra5+ 1-0

[Event "HET"]
[Site "Hamburg"]
[Date "2006.08.27"]
[Round "5.4"]
[White "Sternberg, Lew"]
[Black "Fraas, Henning"]
[Result "0-1"]
[WhiteElo "2072"]
[BlackElo "2152"]
[PlyCount "68"]
[EventDate "2006.??.??"]
[EventType "swiss"]
[EventRounds "7"]
[EventCountry "GER"]

1. e4 c6 2. d4 d5 3. e5 Bf5 4. g4 Bd7 5. Bd3 e6 6. c3 Qh4 7. Bf4 c5 8. h3 Nc6
9. Nf3 Qd8 10. Qc2 Qb6 11. dxc5 Bxc5 12. b4 Bf8 13. Bxh7 a5 14. Bxg8 Rxg8 15.
Qh7 Ne7 16. Be3 Qa6 17. Bc5 O-O-O 18. Ng5 Ng6 19. Nxf7 Nf4 20. Qc2 Ba4 21. b5
Qxb5 22. c4 dxc4 23. Nc3 Bxc2 24. Nxb5 Bxc5 25. Nxd8 Rxd8 26. Nd6+ Kc7 27. h4
Bb4+ 28. Kf1 Bd3+ 29. Kg1 Kc6 30. Kh2 Bc3 31. Rad1 b5 32. Kg3 Rf8 33. f3 Bxe5
34. Ne4 Nd5+ 0-1

[Event "HET"]
[Site "Hamburg"]
[Date "2006.08.27"]
[Round "5.5"]
[White "Kammer, Roland"]
[Black "Toparlak, Afsin"]
[Result "1-0"]
[WhiteElo "2135"]
[BlackElo "2074"]
[PlyCount "132"]
[EventDate "2006.??.??"]
[EventType "swiss"]
[EventRounds "7"]
[EventCountry "GER"]

1. e4 c5 2. Nf3 a6 3. c4 e6 4. Nc3 d6 5. d4 cxd4 6. Nxd4 b6 7. Bd3 Bb7 8. O-O
Nd7 9. f4 Ngf6 10. Qe2 Rc8 11. Kh1 Qc7 12. Bd2 Be7 13. Rae1 O-O 14. b3 Qb8 15.
Rf3 Rfe8 16. Rg3 Nf8 17. Bb1 g6 18. e5 N6d7 19. Nf3 Bxf3 20. Rxf3 f5 21. exf6
Nxf6 22. Ne4 Nxe4 23. Bxe4 Bf6 24. Rh3 Qc7 25. Qf3 Re7 26. Bb4 Rf7 27. Rd1 Rd8
28. Qg4 Bg7 29. Rhd3 Rfd7 30. Qf3 h5 31. Bc6 Rf7 32. Rxd6 Rc8 33. Be4 Be5 34.
Rc6 Qb8 35. Rxc8 Qxc8 36. g3 b5 37. Bxf8 Qxf8 38. Qd3 bxc4 39. bxc4 Bg7 40.
Bxg6 Rc7 41. Bxh5 Qc5 42. Be2 Qc6+ 43. Bf3 Qxc4 44. Qxc4 Rxc4 45. Rd2 Rc1+ 46.
Kg2 a5 47. Bd1 Kf8 48. Bb3 e5 49. f5 e4 50. Re2 Rb1 51. Rxe4 Rb2+ 52. Kh3 Bc3
53. Rc4 Bf6 54. Rc2 Rb1 55. Re2 Rc1 56. Kg4 a4 57. Be6 Kg7 58. h4 Rc3 59. Rf2
Be5 60. Rf3 Rc2 61. Ra3 Kf6 62. Kh3 Rd2 63. Rxa4 Rd3 64. Rg4 Rd1 65. Rg6+ Ke7
66. Bb3 Rd2 1-0

[Event "HET"]
[Site "Hamburg"]
[Date "2006.08.27"]
[Round "5.6"]
[White "Ewaldt, Michael"]
[Black "Keuchen, Michael"]
[Result "1/2-1/2"]
[WhiteElo "2104"]
[BlackElo "1993"]
[PlyCount "68"]
[EventDate "2006.??.??"]
[EventType "swiss"]
[EventRounds "7"]
[EventCountry "GER"]

1. e4 e6 2. d4 d5 3. Nc3 Nf6 4. exd5 exd5 5. Bg5 Bb4 6. Qf3 Be6 7. a3 Be7 8. h3
c6 9. Nge2 Nbd7 10. Ng3 Nf8 11. Nf5 Bxf5 12. Qxf5 Qd7 13. Qxd7+ Kxd7 14. Be3
Ne6 15. g3 b5 16. Ne2 Ne4 17. Bg2 Nd6 18. Rd1 a5 19. O-O h5 20. Nf4 Nc4 21.
Nxe6 Nxe3 22. Nc5+ Bxc5 23. fxe3 Be7 24. Rxf7 Rhg8 25. e4 Ke8 26. Rf5 g6 27.
Re5 dxe4 28. Rxe4 Kd7 29. d5 c5 30. Rf4 Raf8 31. Re4 Bd6 32. g4 hxg4 33. hxg4
Rf4 34. Rxf4 Bxf4 1/2-1/2

[Event "HET"]
[Site "Hamburg"]
[Date "2006.08.27"]
[Round "5.7"]
[White "Bohn, Christoph"]
[Black "Jablonowski, Christoph"]
[Result "0-1"]
[WhiteElo "1916"]
[BlackElo "1965"]
[PlyCount "78"]
[EventDate "2006.??.??"]
[EventType "swiss"]
[EventRounds "7"]
[EventCountry "GER"]

1. Nf3 Nf6 2. d4 d6 3. c4 Nbd7 4. Nc3 c5 5. d5 g6 6. e4 Bg7 7. Bd3 O-O 8. O-O
Ng4 9. Ng5 Nde5 10. h3 Nxd3 11. Qxd3 Ne5 12. Qe2 h6 13. Nf3 Nxf3+ 14. Qxf3 a6
15. Qd3 Bd7 16. f4 f5 17. Bd2 Qc7 18. Rae1 b5 19. b3 b4 20. Nd1 Rae8 21. Kh1
Kh7 22. Ne3 fxe4 23. Qxe4 e6 24. Qd3 Qc8 25. h4 Qd8 26. g3 exd5 27. h5 dxc4 28.
Qxg6+ Kh8 29. Nxc4 Bc6+ 30. Kh2 Rf6 31. Qd3 Rfe6 32. Rxe6 Rxe6 33. Ne5 Bxe5 34.
fxe5 Qe8 35. Qf5 Rxe5 36. Qf8+ Qxf8 37. Rxf8+ Kg7 38. Rc8 Re2+ 39. Kh3 Bd7+ 0-1

[Event "HET"]
[Site "Hamburg"]
[Date "2006.08.27"]
[Round "5.8"]
[White "Urban, Ralf-Dieter"]
[Black "Schermer, Denis"]
[Result "1/2-1/2"]
[WhiteElo "1962"]
[BlackElo "2121"]
[PlyCount "82"]
[EventDate "2006.??.??"]
[EventType "swiss"]
[EventRounds "7"]
[EventCountry "GER"]

1. e4 c5 2. Nf3 Nc6 3. d4 cxd4 4. Nxd4 e6 5. Nc3 a6 6. Be3 Nf6 7. Bd3 d6 8. O-O
Be7 9. f4 O-O 10. Nxc6 bxc6 11. e5 Nd5 12. Nxd5 exd5 13. Qf3 Rb8 14. b3 c5 15.
Rae1 Qd7 16. e6 fxe6 17. Qh5 g6 18. Bxg6 Bf6 19. Bd3 Qf7 20. Qe2 a5 21. Rf3 Bg7
22. Rh3 h6 23. f5 exf5 24. Bxh6 Rb4 25. Bxg7 Kxg7 26. Qd2 Qf6 27. a3 Rg4 28.
Qxa5 Qd4+ 29. Rhe3 Rf7 30. Qd8 c4 31. Qxc8 cxd3 32. cxd3 Re7 33. Qc1 f4 34. h3
Rxe3 35. Rxe3 Rg3 $4 (35... Rg6 36. Qc7+ Kh6 $19) 36. Qc7+ Kh6 37. Qxd6+ Rg6
38. Qf8+ Rg7 39. Qh8+ Kg6 40. Qe8+ Kh6 41. Qh8+ Kg6 1/2-1/2

[Event "HET"]
[Site "Hamburg"]
[Date "2006.08.27"]
[Round "5.9"]
[White "Schmuck, Martin"]
[Black "Raedisch, Peter"]
[Result "1-0"]
[WhiteElo "1773"]
[BlackElo "1920"]
[PlyCount "109"]
[EventDate "2006.??.??"]
[EventType "swiss"]
[EventRounds "7"]
[EventCountry "GER"]

1. d4 d5 2. c4 dxc4 3. Nf3 b5 4. a4 c6 5. axb5 cxb5 6. Na3 Qd5 7. e3 a6 8. g3
Bb7 9. Bg2 e6 10. O-O Bxa3 11. Rxa3 Nf6 12. Ne1 Qd7 13. Bxb7 Qxb7 14. f3 O-O
15. e4 Nc6 16. Be3 Rad8 17. Rf2 Rd7 18. Rd2 Rfd8 19. Nc2 h6 20. Kf2 b4 21. Ra1
Qb5 22. Rc1 Na5 23. Na1 Nc6 24. Nc2 a5 25. Qe2 a4 26. Rcd1 Na5 27. Na1 Qc6 28.
g4 Qc7 29. Kg2 Nh7 30. h4 f6 31. Qf2 Qc6 32. Nc2 Rb7 33. d5 exd5 34. Rxd5 Rxd5
35. Rxd5 Qc7 36. Qd2 Nf8 37. Nxb4 Rxb4 38. Qxb4 Nb3 39. Qxa4 Ng6 40. Qe8+ Kh7
41. Rd7 Qe5 42. Qxe5 Nxe5 43. Rc7 Kg6 44. h5+ Kh7 45. Kg3 Kg8 46. f4 Nd3 47.
Rxc4 Na5 48. Rd4 Nxb2 49. Bc1 Nbc4 50. Bd2 Nb3 51. Rxc4 Nxd2 52. Rb4 Kf7 53.
Kf2 g5 54. fxg5 fxg5 55. Ke2 1-0

[Event "HET"]
[Site "Hamburg"]
[Date "2006.08.27"]
[Round "5.10"]
[White "Diehl, Walter"]
[Black "Atri, Jamshid"]
[Result "0-1"]
[WhiteElo "1818"]
[BlackElo "2117"]
[PlyCount "80"]
[EventDate "2006.??.??"]
[EventType "swiss"]
[EventRounds "7"]
[EventCountry "GER"]

1. e4 e5 2. Nf3 Nc6 3. Bb5 a6 4. Ba4 Nf6 5. d3 b5 6. Bb3 Be7 7. a3 O-O 8. Bd5
Bd6 9. Bg5 h6 10. Bh4 g5 11. Bg3 Nxd5 12. exd5 Ne7 13. c4 Ng6 14. b4 Re8 15.
Nfd2 Nf4 16. Qf3 Bf8 17. Nc3 Rb8 18. h4 Bg7 19. hxg5 hxg5 20. O-O-O Bb7 21.
Bxf4 exf4 22. Nce4 f5 23. Qh5 fxe4 24. Nxe4 Rxe4 25. Qh7+ Kf8 26. Qf5+ Qf6 27.
Qxf6+ Bxf6 28. dxe4 bxc4 29. Rh6 Kf7 30. f3 d6 31. Rdh1 a5 32. Kc2 Ra8 33. R6h2
axb4 34. axb4 Ra2+ 35. Kc1 Ba6 36. g4 Ra3 37. Rh7+ Bg7 38. R7h5 Kg6 39. R5h3
Bb5 40. R1h2 c3 0-1

[Event "HET"]
[Site "Hamburg"]
[Date "2006.08.27"]
[Round "5.11"]
[White "Becker-Bertau, Friedrich"]
[Black "Schulz, Hans-Juergen"]
[Result "1/2-1/2"]
[WhiteElo "1814"]
[BlackElo "2040"]
[PlyCount "33"]
[EventDate "2006.??.??"]
[EventType "swiss"]
[EventRounds "7"]
[EventCountry "GER"]

1. e4 e5 2. f4 d5 3. d4 dxe4 4. fxe5 Nc6 5. c3 Be6 6. Nd2 f5 7. exf6 Nxf6 8.
Bc4 Bxc4 9. Nxc4 Be7 10. Nh3 O-O 11. O-O Qd7 12. Bf4 Kh8 13. Qe2 Rab8 14. Rae1
Bd6 15. Qd2 b5 16. Nxd6 cxd6 17. Bg5 1/2-1/2

[Event "HET"]
[Site "Hamburg"]
[Date "2006.08.27"]
[Round "5.12"]
[White "Christiansen, Peter"]
[Black "Soltau, Achim"]
[Result "1-0"]
[WhiteElo "1773"]
[BlackElo "1989"]
[PlyCount "103"]
[EventDate "2006.??.??"]
[EventType "swiss"]
[EventRounds "7"]
[EventCountry "GER"]

1. e4 c5 2. d4 cxd4 3. Nf3 e6 4. Nxd4 Nf6 5. Nc3 Nc6 6. Ndb5 Bb4 7. Nd6+ Ke7 8.
Bf4 Qa5 9. Ndb5 Nxe4 10. Qd3 d5 11. Be2 a6 12. O-O Bxc3 13. Nxc3 Nxc3 14. bxc3
e5 15. Bd2 Be6 16. Rab1 Qc7 17. Qg3 g6 18. c4 Nd4 19. Qa3+ Kf6 20. Rfe1 Kg7 21.
Ba5 Nxe2+ 22. Rxe2 Qxc4 23. Rxe5 b5 24. Rxe6 fxe6 25. Qe7+ Kg8 26. Qxe6+ Kg7
27. Qe7+ Kg8 28. Bc7 Rf8 29. Be5 Rf7 30. Qe8+ Rf8 31. Qe6+ Rf7 32. Bxh8 Qf4 33.
Bc3 Qxf2+ 34. Kh1 d4 35. Bb4 Qxc2 36. Rf1 Qc4 37. Qxf7+ Qxf7 38. Rxf7 Kxf7 39.
Kg1 Ke6 40. Kf2 Kd5 41. Ke2 Kc4 42. a3 Kd5 43. Kd3 h5 44. Be7 Ke5 45. Bc5 g5
46. Bxd4+ Kf5 47. Bb6 h4 48. Bd8 Kg4 49. Ke4 Kh5 50. Kf5 g4 51. Be7 a5 52. Kf4
1-0

[Event "HET"]
[Site "Hamburg"]
[Date "2006.08.27"]
[Round "5.13"]
[White "Ristic, Sreten"]
[Black "Kaden, Ingmar"]
[Result "1-0"]
[WhiteElo "1930"]
[BlackElo "1663"]
[PlyCount "61"]
[EventDate "2006.??.??"]
[EventType "swiss"]
[EventRounds "7"]
[EventCountry "GER"]

1. Nf3 d6 2. c4 Nf6 3. g3 g6 4. b3 Bg7 5. Bb2 b6 6. Bg2 Bb7 7. O-O O-O 8. Re1
c5 9. d3 e6 10. Nbd2 d5 11. cxd5 Nxd5 12. Ne5 Qc7 13. e4 Nb4 14. f4 N8c6 15.
Ndf3 Rad8 16. Re3 Nxe5 17. Nxe5 Nc6 18. Nc4 Nd4 19. Qd2 Ba6 20. e5 Bb7 21. Rf1
Bxg2 22. Qxg2 Qc6 23. Qf2 Rd7 24. g4 Qb7 25. Nd2 Nc2 26. Rh3 f5 27. exf6 Bh8
28. g5 Nd4 29. Nc4 Nf5 30. Re1 Qd5 31. Re5 1-0

[Event "HET"]
[Site "Hamburg"]
[Date "2006.08.27"]
[Round "5.14"]
[White "Yousofi, Ahmad"]
[Black "Lochmann, Viktor"]
[Result "1/2-1/2"]
[WhiteElo "1676"]
[BlackElo "1910"]
[PlyCount "149"]
[EventDate "2006.??.??"]
[EventType "swiss"]
[EventRounds "7"]
[EventCountry "GER"]

1. e4 d6 2. d4 Nf6 3. Bd3 c5 4. c3 Nc6 5. Ne2 Qb6 6. Bc2 g6 7. b3 Bg7 8. Bb2
O-O 9. O-O Na5 10. Nd2 Bh6 11. Rb1 Nc6 12. h3 Bg7 13. Nf3 e5 14. d5 Ne7 15. c4
Nh5 16. Bc1 Qc7 17. Bg5 f6 18. Bd2 f5 19. Qc1 f4 20. b4 b6 21. Qa3 Bd7 22. bxc5
bxc5 23. Qa5 Qc8 24. Kh2 h6 25. Ba4 g5 26. Bxd7 Qxd7 27. Qb5 Qc8 28. Qb7 Ng6
29. Qxc8 Rfxc8 30. Rb7 a5 31. Rfb1 Nf6 32. Nc3 g4 33. hxg4 Nxg4+ 34. Kg1 Nf6
35. R1b6 Bf8 36. Nh2 Be7 37. f3 h5 38. Nb5 Ne8 39. Rd7 Kf8 40. Kf1 Bd8 41. Rbb7
Be7 42. Ra7 Nf6 43. Rdc7 Ne8 44. Rxc8 Rxc8 45. Bxa5 Bd8 46. Bxd8 Rxd8 47. a4
Ne7 48. a5 Nc8 49. Rh7 Nf6 50. Rh8+ Ke7 51. Rxd8 Kxd8 52. a6 Nd7 53. Ke2 Ndb6
54. Kd3 Kd7 55. Nf1 Ne7 56. g3 fxg3 57. Nxg3 h4 58. Nh5 Ng6 59. a7 h3 60. Ke3
Nxc4+ 61. Kf2 Nb6 62. Kg3 Ne7 63. Nf6+ Kc8 64. Nxd6+ Kc7 65. Nb5+ Kb7 66. Kxh3
c4 67. d6 Nc6 68. Ng4 Ka6 69. Nc3 Kxa7 70. Nf2 Nd7 71. Kg4 Kb6 72. Kf5 Nd4+ 73.
Kg4 Kc5 74. f4 exf4 75. Kxf4 1/2-1/2

[Event "HET"]
[Site "Hamburg"]
[Date "2006.08.27"]
[Round "5.15"]
[White "Opasiak, Dustin Tennessee"]
[Black "Holzweissig, Hans Joachim"]
[Result "1/2-1/2"]
[WhiteElo "1669"]
[BlackElo "1881"]
[PlyCount "37"]
[EventDate "2006.??.??"]
[EventType "swiss"]
[EventRounds "7"]
[EventCountry "GER"]

1. e4 g6 2. Nf3 Bg7 3. d3 d6 4. g3 e5 5. Bg2 Nf6 6. O-O O-O 7. c3 Nc6 8. a4 Bd7
9. Bg5 h6 10. Be3 Qe8 11. Na3 a6 12. Ne1 Ng4 13. Qd2 Nxe3 14. fxe3 Ne7 15. Nc4
g5 16. d4 Ng6 17. Rf2 Be6 18. d5 Bd7 19. a5 1/2-1/2

[Event "HET"]
[Site "Hamburg"]
[Date "2006.08.27"]
[Round "5.17"]
[White "Graffenberger, Wilhelm"]
[Black "Farzamfahr, Bahram"]
[Result "1/2-1/2"]
[WhiteElo "1732"]
[BlackElo "1658"]
[PlyCount "151"]
[EventDate "2006.??.??"]
[EventType "swiss"]
[EventRounds "7"]
[EventCountry "GER"]

1. c4 e5 2. Nc3 Nf6 3. g3 Bc5 4. Bg2 O-O 5. e4 Nc6 6. Nge2 Ng4 7. O-O Nb4 8. d4
Bxd4 9. Nxd4 exd4 10. Nd5 Nxd5 11. cxd5 d6 12. Qxd4 Bd7 13. h3 Ne5 14. a4 c5
15. dxc6 Nxc6 16. Qxd6 Qc8 17. Kh2 Rd8 18. Qf4 Nd4 19. Be3 Ne6 20. Qe5 Re8 21.
Rac1 Qd8 22. b3 b6 23. Rfd1 Nc5 24. Qd5 Be6 25. Qxd8 Raxd8 26. Rxd8 Rxd8 27.
Bxc5 bxc5 28. Rxc5 Bxb3 29. a5 g6 30. Rc7 a6 31. Bf1 Rd2 32. Kg2 Ra2 33. Rc5
Bc2 34. Kf3 Bd1+ 35. Ke3 Ra3+ 36. Kd4 Ra2 37. f4 Ra3 38. g4 h5 39. g5 Rf3 40.
Bxa6 Rxh3 41. Bc8 $6 (41. Bd3 $142 Rh2 42. a6 Ra2 43. Bc4 Ra4 44. Ke5 $18)
41... Ra3 42. a6 Bg4 43. Bb7 h4 44. e5 h3 45. Rc1 Be2 46. Rh1 Bxa6 47. Bxa6
Rxa6 48. Rxh3 Ra4+ 49. Kd5 Rxf4 50. Rg3 Rf1 51. e6 Rd1+ 52. Ke5 Re1+ 53. Kd6
Rxe6+ 54. Kd5 Re1 55. Kd4 Kg7 56. Kd5 f6 57. gxf6+ Kxf6 58. Kd4 Kf5 59. Rf3+
Kg4 60. Rf8 g5 61. Kd3 Kg3 62. Kd2 Re7 63. Rb8 g4 64. Rb3+ Kf2 65. Rb4 Rd7+ 66.
Kc2 g3 67. Rf4+ Ke3 68. Rf6 g2 69. Rg6 Kf2 70. Rf6+ Kg1 71. Rg6 Rd5 72. Kc3 Kf2
73. Rf6+ Kg3 74. Kc4 Rd1 $4 (74... Rg5 $142) 75. Rg6+ Kf4 $4 76. Rxg2 1/2-1/2